Heritage works (Record no. 105627)

MARC details
000 -LEADER
fixed length control field 01560cam a2200253 4500
001 - CONTROL NUMBER
control field ##L134274
008 - FIXED-LENGTH DATA ELEMENTS--GENERAL INFORMATION
fixed length control field 060721n2006 000 0 eng u
035 ## - SYSTEM CONTROL NUMBER
System control number (Sirsi) u134274
041 0# - LANGUAGE CODE
Language code of text/sound track or separate title eng
050 04 - LIBRARY OF CONGRESS CALL NUMBER
Classification number 711.52 $2 18
110 2# - MAIN ENTRY--CORPORATE NAME
Corporate name or jurisdiction name as entry element Drivers Jonas
9 (RLIN) 1941
245 00 - TITLE STATEMENT
Title Heritage works
Remainder of title the use of historic buildings in regeneration
-- a toolkit of good practice
260 ## - PUBLICATION, DISTRIBUTION, ETC.
Place of publication, distribution, etc. London
Name of publisher, distributor, etc. Drivers Jonas
Date of publication, distribution, etc. 2006
300 ## - PHYSICAL DESCRIPTION
Extent 29p.
Other physical details ill.
Dimensions 30cm.
505 2# - FORMATTED CONTENTS NOTE
Formatted contents note Introduction -- Headline messages -- Context -- The economic case -- Using heritage assets in regeneration -- Consents regime for heritage assets -- Further sources of information.
520 ## - SUMMARY, ETC.
Summary, etc. This study of listed buildings examines the case for heritage-led regeneration in England, and reviews the ingredients required for successful schemes. It provides a practical step-by-step guide on how to bring forward a heritage-led regeneration project, and identifies common pitfalls and advises on ways of avoiding or overcoming them. It can be used by developers, owners, community groups, professionals and others as a reference document or checklist for such schemes.
651 #4 - SUBJECT ADDED ENTRY--GEOGRAPHIC NAME
Geographic name GREAT BRITAIN
690 ## - LOCAL SUBJECT ADDED ENTRY--TOPICAL TERM (OCLC, RLIN)
Topical term or geographic name as entry element PROPERTY-PROPERTY MANAGEMENT-REGENERATION
710 2# - ADDED ENTRY--CORPORATE NAME
Corporate name or jurisdiction name as entry element English Heritage
9 (RLIN) 2714
710 2# - ADDED ENTRY--CORPORATE NAME
Corporate name or jurisdiction name as entry element Royal Institution of Chartered Surveyors
9 (RLIN) 4900
710 2# - ADDED ENTRY--CORPORATE NAME
Corporate name or jurisdiction name as entry element British Property Federation
9 (RLIN) 1604
856 40 - ELECTRONIC LOCATION AND ACCESS
Uniform Resource Identifier <a href="https://www.rics.org/Builtenvironment/Buildingmaintenanceandrefurbishment/Buildingconservation/heritageworks.htm">https://www.rics.org/Builtenvironment/Buildingmaintenanceandrefurbishment/Buildingconservation/heritageworks.htm</a>
Public note View the toolkit free of charge at www.rics.org...
942 ## - ADDED ENTRY ELEMENTS (KOHA)
Suppress in OPAC 0
Holdings
Withdrawn status Lost status Source of classification or shelving scheme Damaged status Not for loan Home library Current library Shelving location Date acquired Total Checkouts Full call number Barcode Date last seen Date last checked out Copy number Price effective from Koha item type
    Dewey Decimal Classification     London London Folio 21/07/2006 5 F711.52 DRI 30071827 06/08/2019 09/10/2009 1 06/08/2019 Book
    Dewey Decimal Classification     London London Folio 21/07/2006 1 F711.52 DRI 30071831 06/08/2019 09/09/2009 2 06/08/2019 Book
    Dewey Decimal Classification     Virtual Virtual Online 30/01/2007   ONLINE PUBLICATION 134274-7001 06/08/2019   1 06/08/2019 Book